« Retourner aux résultats de recherche
The midnight order
| Auteur principal: | Mathieu Bablet |
|---|---|
| Support: | Livres |
| Langue: | Francais |
| Publié: |
2022 Label 619 |
| Genre: |
Bandes déssinées ADULTE |
| Sujets: | |
| Étiquettes: |
Ajouter
Pas de Tags !
|
| LEADER | 00714nam0a2200193 450 | ||
|---|---|---|---|
| 001 | 16841167 | ||
| 010 | |a 978-2-810202539 |b rel. |d 25 | ||
| 100 | |a 20221208d2022 u u0frey01 ba | ||
| 101 | 0 | |a fre | |
| 102 | |a FR | ||
| 200 | 0 | |a The midnight order |f [úuvre collective sous la direction de] Mathieu Bablet |g Allanya, Isabelle Bauthian, Rours... [et al.] | |
| 207 | 1 | |a | |
| 210 | |c Label 619 |d 2022 | ||
| 215 | |a 1 vol. (272 p.) |c ill. en coul. |d 28 cm | ||
| 300 | |a notice rédigée d'après la couverture | ||
| 700 | 0 | |a Bablet |b Mathieu |f 1987-.... |4 340 | |
| 900 | |a Bandes déssinées ADULTE | ||
| 901 | |a Accessible au prêt | ||
| 995 | |a Bibliothèque |c Bibliothèque |f 024023173 |h 024023173 |k BDA BAB |o p |q a |r az |e Bibliothèque | ||
